| 000 | 01165nam a2200325 i 4500 | ||
|---|---|---|---|
| 005 | 20220317000050.0 | ||
| 007 | ta | ||
| 008 | 210824s19942014sp a br 000 j spa d | ||
| 020 | _a9788426128492 | ||
| 040 |
_aCO-BoRNBP _bspa _cCO-BoRNBP _erda |
||
| 041 | 0 | _aspa | |
| 084 | _aC CAN4 | ||
| 100 | 1 |
_aCannon, Janell _d1957- _eautora |
|
| 245 | 1 | 0 |
_aStelaluna _cescrito e ilustrado por Janell Cannon ; traducido por Núria Gonzàlez i Anadon |
| 250 | _aVigésima edición | ||
| 264 | 1 |
_aBarcelona _bEditorial Juventud _c1994 _c2014 |
|
| 300 |
_a46 páginas _bilustraciones _c23 cm |
||
| 336 |
_atexto _btxt _2rdacontent |
||
| 337 |
_asin mediación _bn _2rdamedia |
||
| 338 |
_avolumen _bnc _2rdacarrier |
||
| 521 | _aRecomendado para un público infantil mayor de 6 años | ||
| 650 | 1 | 4 |
_aCuentos infantiles estadounidenses _ySiglo XX _2LEMB |
| 650 | 1 | 7 |
_aLiteratura infantil estadounidense _ySiglo XX _2LEMB |
| 650 | 1 | 7 |
_aAutores estadounidenses _ySiglo XX _2LEMB |
| 650 | 1 | 7 |
_aMurciélagos _vCuentos _2LEMB |
| 650 | 1 | 7 |
_aAnimales _vCuentos _2LEMB |
| 650 | 1 | 7 |
_aAmistad _vCuentos _2LEMB |
| 700 | 1 |
_aGonzàlez i Anadon, Núria _etraductora _9184168 |
|
| 942 |
_2loc _cBKLIT |
||
| 999 |
_c3031 _d3031 |
||